Brideshead revisited

Spremljeno u:
Bibliografski detalji
Glavni autor: Evelyn Waugh
Format: Knjiga
Jezik:Undetermined
Izdano: London Everyman's Library 1993
Teme:
Oznake: Dodaj oznaku
Bez oznaka, Budi prvi tko označuje ovaj zapis!
Thư viện lưu trữ: Trung tâm Học liệu Trường Đại học Cần Thơ
LEADER 00478nam a2200181Ia 4500
001 CTU_27350
008 210402s9999 xx 000 0 und d
082 |a 823.91 
082 |b W354 
100 |a Evelyn Waugh 
245 0 |a Brideshead revisited 
245 0 |c Evelyn Waugh 
260 |a London 
260 |b Everyman's Library 
260 |c 1993 
650 |a english fiction - 20th century 
904 |i Minh, 981216 
980 |a Trung tâm Học liệu Trường Đại học Cần Thơ